| 000 | 01597nam0a2200325 4500 | ||
|---|---|---|---|
| 001 | RU\NLR\bibl\930833 | ||
| 005 | 20260407093738.0 | ||
| 010 |
_a5-358-00246-4 _95000 |
||
| 021 |
_aRU _b2006-6928 _9329 |
||
| 035 | _a(NLR Aleph) 000919063 | ||
| 090 |
_a88103 _c88103 |
||
| 100 | _a20060412d2006 |||y0rusy50 ca | ||
| 101 | 0 | _arus | |
| 102 | _aRU | ||
| 105 | _ay ||||||||| | ||
| 200 | 1 |
_aСборник нормативных документов _iФизическая культура _eФедеральный компонент государственного стандарта _eФедеральный базисный учебный план _fМ-во образования Рос. Федерации, [Времен. науч. коллектив "Образоват. стандарт"] |
|
| 205 | _a2-е изд., стер. | ||
| 210 |
_aМосква _cДрофа _d2006 |
||
| 215 |
_a75, [1] c. _d21 |
||
| 225 | 1 | _aСерия "Сборники нормативных документов" | |
| 606 | 0 |
_aФизическая культура и спорт _jНормативные документы _xОбразовательные стандарты _xСредняя школа _92363276 _3RU\NLR\auth\661411069 |
|
| 686 | _aЧ426.73-211б | ||
| 712 | 0 | 2 |
_4570 _a"Образовательный стандарт", временный научный коллектив _cМосква _9603134 _3RU\NLR\AUTH\8810051411 |
| 801 | 0 |
_aRU _bNLR _c20060329 _grcr |
|
| 801 | 1 |
_aRU _bNLR _c20060329 |
|
| 830 | _aсост. по кн. | ||
| 942 | _cBOOK | ||
| 980 | _aNB | ||